000 02267cam a22004934i 4500
003 PE-LiUPU
005 20250731184558.0
008 150706s r 000 0 d
020 _a9789972021909
035 _a(Sirsi) i9789972021909
040 _aPE-LiUPU
_bspa
_cPE-LiUPU
_erda
049 _aPRUA
082 0 4 _a918.985
_bV
_221
110 2 _aEl Comercio S. A. Empresa Editora
245 1 0 _aViajero :
_batrévete a descubrir el Perú /
_cedición central Raúl Castro Pérez.
264 1 _aLima :
_bEl Comercio S. A. Empresa Editora,
_c2009.
300 _apáginación variada :
_bilustraciones, color ;
_c22 centímetros
336 _atext
_2rdacontent
337 _aunmediated
_2rdamedia
338 _avolume
_2rdacarrier
505 0 _aIntroducción a la guía, generalidades -- Tumbes -- Piura -- Chiclayo -- Trujillo -- Chimbote, costa de Ancash -- Cajamarca -- Chachapoyas -- Tara poto -- Iquitos -- Pucallpa -- Huaraz -- Norte chico de Lima -- Centro de Lima -- Lima distrito del Sur -- Lima carretera central -- Callao -- Sur chico de Lima -- Huánuco -- Ica, Chincha y Pisco -- Nazca y Palpa -- Huancayo -- Oxapampa y Pozuzo -- Huancavelica -- Ayacucho -- Abancay -- Ciudad del Cusco -- Cusco, valle del sur -- Valle Sagrado -- Machu Picchu, rutas nuevas -- Puerto Maldonado -- Ciudad de Arequipa y valle del Colca -- Arequipa desconocida -- Puno y Lago Titicaca -- Moquegua -- Tacna.
526 _aP136
526 _aP135
526 _aP134
526 _aP133
526 _aP144
526 _aP143
526 _aP87
526 _aP35
526 _aP20
526 _aP14
526 _aP10
526 _aP06
650 0 4 _aPerú
_xDescripción y viajes.
650 0 4 _aTurismo
_zPerú.
_93316
700 1 _aCastro Pérez, Raúl,
_eed.
910 _bjv
_cng
942 _2ddc
_cBOOK
949 _a918.985 V
_wDEWEY
_c1
_i62085
_lCCODEBUL1
_mBUL
_p15.00
_r0
_sY
_tBOOK
_u2015-7-6
_xEDUCACION
_zUNKNOWN
_0COMPRA
_o.STAFF. Colección General
994 _aC0
_bPEPRU
596 _a1
999 _a918.985 V
_wDEWEY
_c51171
_i62085
_f2021-11-8
_g5
_lCCODEBUL1
_mBUL
_p15.00
_r0
_sY
_tBOOK
_u2015-7-6
_xBIBLIOTECA
_zUNKNOWN
_0COMPRA
_o.STAFF. Colección General
_d51171
980 _81
_gALBERTO SANCHEZ Responsable de Automatización